LDR 00916naa#a2200169#i#450# 001 RU\\bibl\119678 005 20260426090128.7 011 ## _a2782-4586 100 ## _a20260331b2026####ek#y0rusy0150####ca 102 ## _aRU 200 1# _aУправление финансовыми рисками предприятия как защита свободы и жизни бизнеса _eЖурнальная статья 210 1# _aМосква _cУниверситет ИТБО _d2026 215 ## _a5 с. 608 ## _aЖурнальная статья _2local 675 ## _aФинансовое выравнивание. Долевое финансирование. 336.15 _aОтдельные научно-технические планы и проекты, имеющие особое народнохозяйственное значение. 338.28 _z 700 #1 _aКешишян _gАндраник Саркисович 856 4# _ajomeam.ru _u